| 000 | 00637nam a22001697a 4500 | ||
|---|---|---|---|
| 020 | _qHard Cover | ||
| 082 | _aBISCE-6 HUM | ||
| 100 | _aHumad, Ahmed , Hassaan Khan, Muhammd | ||
| 245 |
_aElectric Power Monitoring Device / _cHumad Ahmed, Muhamma Hassaan Khan |
||
| 260 |
_aIslamabad : _bSEECS-NUST _c2012. |
||
| 300 |
_a112 p. _c30cm. |
||
| 650 |
_aBS Information and Communication System Engineering _955272 |
||
| 700 |
_aMr. Mujtaba Haider _955273 |
||
| 856 | _uhttp://10.250.8.41:8080/xmlui/handle/123456789/10373 | ||
| 942 |
_2ddc _cTHE |
||
| 999 |
_c566090 _d566090 |
||